LDR 01001naa#a2200181#i#450# 001 RU\\bibl\19444 005 20260516115027.6 100 ## _a20260515b2026####ek#y0rusy0150####ca 102 ## _aRU 200 1# _aМОДЕЛИРОВАНИЕ УСТОЙЧИВОСТИ ПАСТБИЩНЫХ ЭКОСИСТЕМ _eСтатья/тезисы конференции 210 1# _aВоронеж _cВоронежский государственный лесотехнический университет имени Г.Ф. Морозова _d2026 215 ## _a7 с. 608 ## _aСтатья/тезисы конференции _2local 675 ## _aДеградация почвы, эрозия, оползни. 632.125 _aМетодология географии (предмет, теория, система дисциплин, методы). 910.1 _aДинамика. Кинетика. 531.3 _z 700 #1 _aСалугин _gА. Н. 700 #1 _aМелихова _gЕ. В. 700 #1 _aКорнеева _gЕ. А. 856 4# _abibl.vgltu.ru _u